Music Quiz

Random Music Quiz
Score 0/91 Timer 14:00
0 Plays Today
Hint Answer % Correct
and
97.2%
the
97.2%
the
97.2%
the
97.2%
a
97.2%
the
97.2%
the
97.2%
Aw
90.3%
Aw
90.3%
aw
90.3%
naw
82.8%
naw
82.8%
just
79.3%
just
79.3%
just
79.3%
just
79.3%
I
76.6%
I
76.6%
I
76.6%
I
76.6%
I
76.6%
I
76.6%
na
73.1%
so
69.7%
somebody
69%
on
68.3%
on
68.3%
shot
62.8%
of
62.8%
that
62.1%
that
62.1%
Hint Answer % Correct
be
61.4%
be
61.4%
bought
60%
Patron
59.3%
we
52.4%
to
51%
to
51%
to
51%
to
51%
to
51%
hang
47.6%
yeah
42.8%
one
38.6%
all
38.6%
got
37.9%
up
37.9%
got
37.9%
think
36.6%
leave
35.2%
early
34.5%
but
33.8%
it
33.1%
have
33.1%
drink
32.4%
her
32.4%
stay
32.4%
home
32.4%
I'm
31.7%
gonna
31.7%
we've
31.7%
boys
31.7%
Hint Answer % Correct
might
31%
long
29%
should
29%
halfway
28.3%
had
27.6%
shut
24.8%
what
24.8%
time
24.1%
down
22.8%
look
22.8%
coats
21.4%
anybody
20%
walking
20%
before
20%
ya'll
20%
crazy
19.3%
across
19.3%
gone
19.3%
floor
18.6%
at
18.6%
take
17.9%
house
17.9%
getting
17.9%
door
17.9%
starts
16.6%
started
13.8%
Fore
6.2%
happend
2.1%
ought’a
1.4%
Remove Ads.
Support Sporcle.
Get the best of Sporcle when you Go Orange. This ad-free experience offers more features, more stats, and more fun while also helping to support Sporcle. Thank you for becoming a member.

You're not logged in!

Compare scores with friends on all Sporcle quizzes.
OR
Log In

Show Comments

Extras

Created Oct 20, 2013ReportNominate
Tags:bit, chi, little, Young

Top Quizzes Today


Score Distribution

Your Account Isn't Verified!

In order to create a playlist on Sporcle, you need to verify the email address you used during registration. Go to your Sporcle Settings to finish the process.

Report this User

Report this user for behavior that violates our Community Guidelines.

Details: